Bob Dylan : letras : 1962-2001 /
Gespeichert in:
| 1. Verfasser: | |
|---|---|
| Weitere Verfasser: | , , |
| Format: | Buch |
| Sprache: | Spanisch |
| Veröffentlicht: |
Barcelona, España :
Global Rhythm,
2011, c2011
|
| Schlagworte: | |
| Tags: |
Keine Tags, Fügen Sie das erste Tag hinzu!
|
MARC
| LEADER | 00000nam^a2200000^a^4500 | ||
|---|---|---|---|
| 001 | 000356658 | ||
| 005 | 20250521000000.0 | ||
| 008 | 150710 20112011 | ||
| 009 | 20260310115238.629 | ||
| 037 | |a Acervo ITESO - Biblioteca | ||
| 041 | |a ESP | ||
| 082 | |a 787. 10973 |b DYL | ||
| 100 | |a Dylan, Bob |e (autor) | ||
| 245 | 1 | 0 | |a Bob Dylan : |b letras : 1962-2001 / |c B. Dylan ; notas de A. Carrera ; introd. y tr. por M. Izquierdo ; tr. por J. Moreno. |
| 264 | 4 | |a Barcelona, España : |b Global Rhythm, |c 2011, c2011 | |
| 300 | |a XV, 1264 p. | ||
| 336 | |a texto |b txt |2 rdacontenido | ||
| 337 | |a sin mediación |b n |2 rdamedio | ||
| 338 | |a volumen |b nc |2 rdasoporte | ||
| 586 | |a Premio Nobel de Literatura 2016 | ||
| 586 | |a Premio Príncipe de Asturias de las Artes 2007 | ||
| 649 | |a XX | ||
| 650 | |a Músicos Norteamericanos - |x Entrevistas | ||
| 650 | |a Banda (de Jazz, Rock, etc.) - |z EUA - |x Cancioneros | ||
| 650 | |a Entrevistas Norteamericanas | ||
| 650 | |a Canción-Protesta - |z EUA - |x Cancioneros | ||
| 650 | |a Canción-Protesta - |x Cancioneros | ||
| 650 | |a Canción de Autor - |z EUA - |x Cancioneros | ||
| 650 | |a Canción de Autor - |x Cancioneros | ||
| 650 | |a Rock - |z EUA - |x Cancioneros | ||
| 650 | |a Rock - |x Cancioneros | ||
| 650 | |a Música Popular Moderna - |y Siglo XX | ||
| 650 | |a Música Popular Moderna - |z EUA - |x Cancioneros | ||
| 650 | |a Música Popular Moderna - |x Cancioneros | ||
| 650 | |a Música Norteamericana - |y Siglo XX | ||
| 650 | |a Música Norteamericana - |x Cancioneros | ||
| 650 | |a Música Norteamericana - |x Historia y Crítica | ||
| 650 | |a Literatura Norteamericana - |y Siglo XXI | ||
| 650 | |a Dylan, Bob - |x Tema Principal | ||
| 700 | |a Carrera, Alessandro |e (notas) | ||
| 700 | |a Izquierdo, Miguel |e (introducción y traducción) | ||
| 700 | |a Moreno, José |e (traducción) | ||
| 910 | |a Fondo General | ||
| 920 | |a Impresos - Libros | ||
| 930 | |a Colección General | ||
| 905 | |a 101 | ||
| 901 | |a 0500249230 |b IT1 |c ACC |i C143248 |u 20250521 | ||
| 902 | |a https://opac.biblio.iteso.mx/vufind/Record/000356658 | ||